Project English 3 Test Booklet
Uložené v:
| Hlavný autor: | |
|---|---|
| Médium: | Kniha |
| Jazyk: | English |
| Vydavateľské údaje: |
Oxford
University Press
1988
|
| Vydanie: | 1. ed. |
| Tagy: |
Žiadne tagy, Buďte prvý, kto otaguje tento záznam!
|
MARC
| LEADER | 00000nam a2200000 4500 | ||
|---|---|---|---|
| 001 | c032162 | ||
| 005 | 20221219120438.5 | ||
| 041 | 0 | |a eng | |
| 044 | |a US | ||
| 245 | 1 | 0 | |a Project English 3 |b Test Booklet |c Tom Hutchinson |
| 250 | |a 1. ed. | ||
| 264 | 1 | |a Oxford |b University Press |c 1988 | |
| 300 | |a 39 s. | ||
| 100 | 1 | |a Hutchinson, Tom | |